Переписка по ходатайству землевладельца коллежского советника Новикова об осушении его имения "Латыголичи" Борисовского уезда Ми...

Доступно только в Электронных читальных залах Найти на картеНа карте
RUSMARC
00003786nmc2a22002413x 450
001fe352eaa-5e55-4e7b-9e7a-8b520c8a8e0b
00520210429045537.0
100##$a20210126l18951895k l0rusy0189 ca
1010#$arus
102##$aRU
105##$ay###
1222#$ad
2001#$aПереписка по ходатайству землевладельца коллежского советника Новикова об осушении его имения "Латыголичи" Борисовского уезда Минской губернии
$j7 марта - 18 марта 1895 г.
215##$a10 л.
$d36,5х26 см
251##$cДело
300##$aДело
371##$aДокумент не является опубликованным и широко распространяемым
461#0$100195b78110-e6bc-459a-9283-df3f68fdf83b
$12001
$aДело о школьной сети Вологодского уезда Вологодской губернии Петербургского учебного округа. Составлена в 1908 году. Сведения приурочены к 1906 году
$1251
$cДело
$1852
$j1
462#0$10013a02340e-e572-4ee5-9169-9b29c64f7ce0
$12001
$aОтдел земельных улучшений Министерства земледелия
$1251
$cОпись
$1852
$j2
801#0$aRU
$bРГИА
$c20210126
$gRCR
801#1$aRU
$bГлавНИВЦ
$c20210126
$2rusmarc
801#2$aRU
$bПБ им. Б.Н. Ельцина
$c20210429
$gRCR
$2rusmarc
850##$aРГИА
852##$aРГИА
$eФедеральное казенное учреждение "Российский государственный исторический архив" (РГИА)
$j34
937##$hРГИА
$d12358863
$aASBIBLIO_SCAN
035##$aRusGRCC00019965
856##$uhttp://readingroom.main.prlib.ru/item.aspx?id_node=n163912723&mode=full
Формат отображения